000
00264nam a2200109Ia 4500
008
190216s9999||||xx |||||||||||||| ||und||
100
_a
Vinchester
245
0
_a
Jeevashashthravum Manushya Raashiyum
260
_b
Bhasha Institute
650
_a
Zoology
942
_c
BK
999
_c
39392
_d
39392